Score 0/8 Timer 20:00
0 Plays Today
Question Answer Wrong Answers
'S' = Has the victim been _________ assaulted or strangled? Sexually
100%
Soulfully
0%
Seriously
0%
Seller
0%
The 'C' asks: Are there ______ in the house? (if so this heightens the risk factor) Children
100%
Chimpanzees
0%
Chorizos
0%
Chancellors
0%
'S' = Is there an indication of ________ or harassment? Stalking
100%
Signage
0%
Spelling
0%
Spitting
0%
'S' = Has the ____ recently separated? Victim
100%
Venezuelan
0%
Vicar
0%
Viagra
0%
'P' = Is the victim ________ or recently given birth? Pregnant
100%
Permenantly
0%
Personally
0%
Purple
0%
'E' = Does this incident indicate an ________ or repeat victimisation? Escalation
100%
Everest
0%
Earring
0%
Earner
0%
'C' = Does the victims _______ indicate a more vulnerable setting or are they isolated? Culture
83.3%
Caravan
0%
Car
0%
Carelessness
16.7%
'C' = _______ control, is there an indication of this? Coercive
83.3%
Cornering
0%
Calming
16.7%
Cakery
0%
Remove Ads.
Support Sporcle.
Get the best of Sporcle when you Go Orange. This ad-free experience offers more features, more stats, and more fun while also helping to support Sporcle. Thank you for becoming a member.

You're not logged in!

Compare scores with friends on all Sporcle quizzes.
OR
Log In

You Might Also Like...

Show Comments

Extras

Created Dec 10, 2018ReportNominate
Tags:aspect

Top Quizzes Today


Score Distribution

Your Account Isn't Verified!

In order to create a playlist on Sporcle, you need to verify the email address you used during registration. Go to your Sporcle Settings to finish the process.

Report this User

Report this user for behavior that violates our Community Guidelines.

Details: